[Event "DVM U14w 2018"]
[Site "Neumünster GER"]
[Date "2018.12.30"]
[Round "7"]
[White "Orlova, Alicia"]
[Black "Buchholz, Maja"]
[Result "0-1"]
[Termination "normal"]
[Board "7.1"]
[WhiteElo "1616"]
[BlackElo "1517"]
[WhiteTeam "SF Gerresheim"]
[BlackTeam "SV 1920 Hofheim"]
[PlyCount "96"]
[WhiteFideId "34154563"]
[BlackFideId "16200500"]
[EventCountry "GER"]
[EventRounds "7"]
[EventType "team-swiss"]
[EventDate "2018.12.26"]

1. e4 c5 2. Nc3 g6 3. g3 Bg7 4. Bg2 d6 5. d3 Nf6 6. h3 Nc6 7. Be3 Bd7 8. Qd2
Rb8 9. Bh6 O-O 10. Bxg7 Kxg7 11. f4 Qb6 12. Rb1 Qa5 13. Nf3 b5 14. O-O b4 15.
Ne2 Qc7 16. g4 a5 17. Ng3 a4 18. g5 Ne8 19. Nh2 Qc8 20. f5 Rh8 21. Ng4 Rf8 22.
f6+ Kh8 23. Qf4 e5 24. Qf3 Nc7 25. Nf2 Ne6 26. h4 Ncd4 27. Qd1 Nf4 28. Kh2 Be6
29. Rh1 Bxa2 30. Ra1 b3 31. c3 Nb5 32. Rc1 a3 33. Qd2 axb2 34. Qxb2 Qa6 35. Nd1
Nxd3 36. Qe2 Nxc1 37. Qg4 Nd3 38. Kg1 b2 39. Nxb2 Nxb2 40. h5 Be6 41. Qh4 Rb7
42. Nf5 Qa1+ 43. Bf1 Bc4 44. Kf2 Bxf1 45. Ne7 Nd3+ 46. Kg3 Qe1+ 47. Kg4 Qxe4+
48. Kg3 Qg2# 0-1

[Event "DVM U14w 2018"]
[Site "Neumünster GER"]
[Date "2018.12.30"]
[Round "7"]
[White "Orlova, Anna-Daria"]
[Black "Biesdorf, Ina"]
[Result "0-1"]
[Termination "normal"]
[Board "7.3"]
[WhiteElo "859"]
[BlackElo "1325"]
[WhiteTeam "SF Gerresheim"]
[BlackTeam "SV 1920 Hofheim"]
[PlyCount "64"]
[WhiteFideId "16275381"]
[BlackFideId "16275322"]
[EventCountry "GER"]
[EventRounds "7"]
[EventType "team-swiss"]
[EventDate "2018.12.26"]

1. e4 e5 2. Nf3 Nc6 3. Bc4 Bc5 4. d3 h6 5. Nc3 Nf6 6. O-O O-O 7. Bd2 d6 8. h3
Be6 9. Bb3 Nh5 10. Ne2 Qf6 11. Kh1 Bxh3 12. Nfg1 Bg4 13. Qe1 Qh4+ 14. Nh3 Bxh3
15. gxh3 Qxh3+ 16. Kg1 Ng3 17. Nxg3 Qxg3+ 18. Kh1 Qh3+ 19. Kg1 Nd4 20. Qd1 Nf3+
21. Qxf3 Qxf3 22. Be1 h5 23. Kh2 Kh7 24. Bd5 c6 25. Bb3 f5 26. Rc1 fxe4 27.
dxe4 d5 28. exd5 Bd6 29. c4 e4+ 30. Kg1 Qg4+ 31. Kh1 Qh3+ 32. Kg1 Qh2# 0-1

[Event "DVM U14w 2018"]
[Site "Neumünster GER"]
[Date "2018.12.30"]
[Round "7"]
[White "Petrosyan, Ani"]
[Black "Neumann, Konstantina"]
[Result "0-1"]
[Termination "normal"]
[Board "8.1"]
[WhiteElo "1345"]
[BlackElo "1498"]
[WhiteTeam "TuRa Harksheide Norderstedt 1"]
[BlackTeam "Gütersloher SV"]
[PlyCount "76"]
[WhiteFideId "16248015"]
[BlackFideId "16200543"]
[EventCountry "GER"]
[EventRounds "7"]
[EventType "team-swiss"]
[EventDate "2018.12.26"]

1. Nf3 Nc6 2. e3 e5 3. c4 d5 4. cxd5 Qxd5 5. Nc3 Qd8 6. Be2 Nf6 7. O-O Bd6 8.
b3 Qe7 9. Bb2 Bf5 10. d4 O-O-O 11. Rc1 a6 12. d5 Bb4 13. Nd2 Nxd5 14. Qe1 Nxc3
15. Bxc3 Ba3 16. Nc4 Bxc1 17. Qxc1 h5 18. Qb2 f6 19. a4 h4 20. Rc1 h3 21. g3
Rd7 22. b4 Bd3 23. b5 axb5 24. axb5 Nb8 25. Bb4 Qe6 26. Ba5 Bxc4 27. Bxc4 Qd6
28. Qb3 Re8 29. b6 c6 30. Bb4 c5 31. Bb5 Nc6 32. Bxc5 Qd5 33. Qxd5 Rxd5 34. Ba4
Kb8 35. Ba3 Rc8 36. Kf1 e4 37. Bb3 Rd3 38. Rb1 Na5 0-1

[Event "DVM U14w 2018"]
[Site "Neumünster GER"]
[Date "2018.12.30"]
[Round "7"]
[White "Klahold, Rona"]
[Black "Foos, Vanessa"]
[Result "1/2-1/2"]
[Termination "normal"]
[Board "8.2"]
[WhiteElo "1355"]
[BlackElo "1177"]
[WhiteTeam "Gütersloher SV"]
[BlackTeam "TuRa Harksheide Norderstedt 1"]
[PlyCount "146"]
[WhiteFideId "16222970"]
[BlackFideId "16245270"]
[EventCountry "GER"]
[EventRounds "7"]
[EventType "team-swiss"]
[EventDate "2018.12.26"]

1. d4 d5 2. Nf3 Nf6 3. Bf4 Bf5 4. e3 Nc6 5. Bb5 a6 6. Ba4 e6 7. Ne5 Nd7 8. Nxc6
bxc6 9. Bxc6 Rb8 10. b3 g6 11. Nd2 Bg7 12. O-O O-O 13. c4 Rb6 14. cxd5 Nb8 15.
Rc1 exd5 16. Ba4 Rb7 17. Qf3 Bd3 18. Rfe1 Bb5 19. Bxb5 axb5 20. Qg3 Na6 21. Rc6
Ra7 22. a3 Re8 23. Nb1 Bxd4 24. Rec1 Bb6 25. Bg5 Qd7 26. Bf6 Re6 27. Qh3 Rxc6
28. Rxc6 Qxh3 29. gxh3 Ra8 30. Rc2 Re8 31. Rd2 Re6 32. Bg5 d4 33. Bh6 c5 34.
Kg2 g5 35. Bxg5 Rg6 36. h4 f6 37. e4 fxg5 38. hxg5 Rxg5+ 39. Kf3 Bc7 40. h4 Rg1
41. Rb2 d3 42. Nd2 Be5 43. Rb1 Rxb1 44. Nxb1 c4 45. bxc4 bxc4 46. Ke3 Nc5 47.
f4 Bxf4+ 48. Kxf4 d2 49. Nc3 Na4 50. Ke3 Nxc3 51. Kxd2 Nxe4+ 52. Kc2 Kg7 53. a4
Kg6 54. a5 Nc5 55. Kc3 Kf6 56. Kxc4 Na6 57. Kb5 Nc7+ 58. Kb6 Nd5+ 59. Kc5 Ke6
60. Kc6 Ne7+ 61. Kc7 Kd5 62. Kb6 Nc6 63. a6 Kd6 64. Kb5 Kd5 65. Kb6 Kd6 66. Kb5
Kc7 67. Kc5 Ne7 68. a7 Kb7 69. Kd6 Nf5+ 70. Ke5 Nxh4 71. Kf6 h6 72. Kg7 Nf5+
73. Kg6 Kxa7 1/2-1/2

[Event "DVM U14w 2018"]
[Site "Neumünster GER"]
[Date "2018.12.30"]
[Round "7"]
[White "Rößl, Sara"]
[Black "Engels, Marlene"]
[Result "0-1"]
[Termination "normal"]
[Board "8.3"]
[WhiteElo "908"]
[BlackElo "1121"]
[WhiteTeam "TuRa Harksheide Norderstedt 1"]
[BlackTeam "Gütersloher SV"]
[PlyCount "52"]
[WhiteFideId "16255828"]
[BlackFideId "16222962"]
[EventCountry "GER"]
[EventRounds "7"]
[EventType "team-swiss"]
[EventDate "2018.12.26"]

1. e4 e5 2. Nf3 Nc6 3. Bb5 d6 4. Nc3 Bd7 5. d3 Nf6 6. Bg5 Be7 7. O-O a6 8. Ba4
Nd4 9. Bxd7+ Qxd7 10. Re1 O-O-O 11. Bxf6 Bxf6 12. Nxd4 exd4 13. Nd5 Be5 14. Qd2
Qb5 15. b3 Rhe8 16. Qg5 f6 17. Qxg7 Qd7 18. Qh6 f5 19. Qd2 Rg8 20. Qa5 Qg7 21.
g3 f4 22. Kf1 fxg3 23. hxg3 Rdf8 24. Ke2 Rf7 25. Qd2 Qg4+ 26. f3 Qxf3# 0-1

[Event "DVM U14w 2018"]
[Site "Neumünster GER"]
[Date "2018.12.30"]
[Round "7"]
[White "Neumann, Helena"]
[Black "Chen, Michelle"]
[Result "1/2-1/2"]
[Termination "normal"]
[Board "8.4"]
[WhiteElo "999"]
[BlackElo "799"]
[WhiteTeam "Gütersloher SV"]
[BlackTeam "TuRa Harksheide Norderstedt 1"]
[PlyCount "123"]
[WhiteFideId "16275365"]
[BlackFideId "16275403"]
[EventCountry "GER"]
[EventRounds "7"]
[EventType "team-swiss"]
[EventDate "2018.12.26"]

1. e4 d6 2. d4 e5 3. dxe5 dxe5 4. Qxd8+ Kxd8 5. Nf3 Nc6 6. Bc4 Bg4 7. Bxf7 Nf6
8. Bc4 Kd7 9. Nc3 Rd8 10. Bb5 Kc8 11. Bxc6 bxc6 12. Nxe5 Rd6 13. Nf7 Rd7 14.
Nxh8 Bb4 15. Bd2 Re7 16. f3 Be6 17. a3 Bc5 18. O-O-O Bd4 19. Be1 Rd7 20. Kb1 c5
21. Nb5 c6 22. Nxd4 cxd4 23. Bb4 Rd8 24. Bc5 Rxh8 25. Bxd4 Re8 26. Bxa7 Re7 27.
Bc5 Rb7 28. Rd2 Nd7 29. Bb4 Ne5 30. Rhd1 Nf7 31. Bc3 g6 32. g4 Ng5 33. Rd8+ Kc7
34. Re8 Bd7 35. Re7 Kc8 36. f4 Bxg4 37. Rxb7 Kxb7 38. fxg5 Bxd1 39. h3 Kb6 40.
Kc1 Bf3 41. e5 Bd5 42. a4 Be6 43. a5+ Kb7 44. Kd2 Bxh3 45. Kd3 Bf5+ 46. Kd4
Bxc2 47. e6 Ba4 48. e7 c5+ 49. Kxc5 Be8 50. b4 Ka6 51. Be5 Kb7 52. b5 Kc8 53.
a6 Bd7 54. b6 Ba4 55. b7+ Kd7 56. b8=Q Kxe7 57. Qb7+ Bd7 58. a7 Ke6 59. a8=Q
Kxe5 60. Qxd7 Kf4 61. Qxh7 Kxg5 62. Qf3 1/2-1/2